000 00740nam a22002057a 4500
999 _c17824
_d17824
003 OSt
005 20230119141938.0
008 230119b ||||| |||| 00| 0 eng d
040 _c0
082 _aDPer 370.5 M720 June - December 2017 v66 no. 1-7
100 _aValdez, Maria Remedios C.
_eauthor.
_947359
245 _aDistrict re-echo training on teaching children with hearing impairment /
_cMaria Remedios C. Valdez
260 _aPhilippines :
_bPapi Publishers, Inc.,
_cJuly 2017.
300 _avolume 66, page 66-67.
650 _aHearing impaired.
_947360
650 _aPhysically handicapped children.
_947361
650 _aSpecial education.
_947362
700 _aValdez, Maria Remedios C.
_eauthor.
_947359
942 _2ddc
_cPER